KOHA-Header-6

Advanced Accounts Volume II (Record no. 9954)

000 -LEADER
fixed length control field 00258nam a2200109Ia 4500
100 ## - MAIN ENTRY--AUTHOR NAME
Personal name Shukla, Grewal
245 #0 - TITLE STATEMENT
Title Advanced Accounts Volume II
260 ## - PUBLICATION, DISTRIBUTION, ETC. (IMPRINT)
Place of publication India
Name of publisher Dorling
Year of publication 2002
300 ## - PHYSICAL DESCRIPTION
Number of Pages 588
942 ## - ADDED ENTRY ELEMENTS (KOHA)
Koha item type Books
Holdings
Withdrawn status Lost status Collection code Permanent Location Current Location Shelving location Date acquired Full call number Accession Number Koha item type
      MAJU MAJU   2019-09-14 621.382 6006 Accounting

Powered by Koha